| 000 | 00887nam a2200205 i 4500 | ||
|---|---|---|---|
| 001 | 14476 | ||
| 003 | ES-MaACL | ||
| 005 | 20230906150825.0 | ||
| 007 | t| | ||
| 008 | 990324s1993 sp ||||1| spa d | ||
| 080 | _a821.134.2 Suárez de Figueroa, Cristóbal 5.06 | ||
| 080 | _a821.134.2 Fernández de Avellaneda, Alonso 7 Segundo tomo del ingenioso hidalgo don Quijote de la Mancha.06 | ||
| 100 | 1 |
_aEspin Rodrigo, Enrique. _947830 |
|
| 245 | 1 | 3 |
_aEl Quijote de Avellaneda fue obra del doctor Christoval Suarez de Figueroa / _cEnrique Espin Rodrigo. |
| 260 |
_aMurcia : _b[s.n., _c1993] |
||
| 300 |
_a159 p. ; _c22 cm. |
||
| 600 | 1 | 4 |
_aFernández de Avellaneda, Alonso. _tSegundo tomo del ingenioso hidalgo don Quijote de la Mancha- _xCrítica e interpretación. _949626 |
| 600 | 1 | 4 |
_aSuarez de Figueroa, Cristóbal- _xObras atribuidas. _9108605 |
| 852 |
_aES-MaACL _jF-6483 _bR.121486 |
||
| 999 |
_c14476 _d14476 |
||